000 01088nam a2200217Ia 4500
003 Ost
005 20260507075046.0
008 260507s9999||||xx |||||||||||||| ||und||
020 _a9957111159
040 _cfsecg
041 _aara
082 _a600
100 _aعقيلي، عمر وصفي
_eمؤلف
245 0 _aمدخل إلى المنهجية المتكاملة لإدارة الجودة الشاملة :
_bد وجهة نظر /
_c عمر وصفي عقيلي
260 _aعمان:
_bدار وائل للنشر,
_c2001
300 _a286 صفحة؛
_bإيضاحات ؛
_c24 سم
520 _aابعاد إدارة الجودة الشاملة-المنهجية المتكاملة لإدارة الجودة الشاملة-نماذج مختارة عن إدارة الجودة الشاملة والأخطاء الشائعة في تطبيفها برنامج مقترح لتخطيط الجودة ومشروع جائزة ادارة الجودة الشاملة
653 _aإدارة الإنتاج
653 _aضبط الجودة، جودة الإنتاج
942 _cكتاب
999 _c42565
_d42565